000 00506ntaaa2200181 4500
003 01
005 20251027201436.0
008 0714s1973 ag 01
040 _aAR-BaBN
_bspa
_cAR-BaBN
_eaacr
_dRIC
082 _a226.0000 St8
100 _aStreeter, Burnett Hillman
_913025
245 _aFour Gospels; a study of origins.
250 _a1 ed. :
_bMacmillan,
_c1961
300 _axxx, 624 p.
500 _aThe manuscript tradition, sources, authorship and dates.
650 _aEvangelios
_911989
942 _cBK
999 _c8951
_d8951